[Event "Club Championships"]
[Site "Wellington Chess Club"]
[Date "2017.10.26"]
[Round "6.4.1"]
[White "Leask, Hamish"]
[Black "Kibblewhite, Daniel"]
[Result "1/2-1/2"]
[WhiteElo "1570"]
[BlackElo "1400"]

1. e4 e6 2. d4 d5 3. Nc3 Nf6 4. e5 Nfd7 5. f4 c5 6. Nf3 Nc6 7. Be3 Qb6 8. b3
cxd4 9. Nxd4 Bb4 10. Qd2 Nc5 11. Bd3 Qa5 12. Nxc6 bxc6 13. Bd4 Ba6 14. O-O Nxd3
15. cxd3 c5 16. a3 cxd4 17. axb4 Qxb4 18. Nb1 Qxd2 19. Nxd2 Bxd3 20. Rfc1 Kd7
21. Nf3 Be4 22. Nxd4 Rhc8 23. Rxc8 Kxc8 24. Nb5 Kb8 25. Rc1 a6 26. Nd6 Bg6 27.
Rc8+ Ka7 28. Rc7+ Kb6 29. Re7 Rf8 30. g4 Kc5 31. h4 Bc2 32. Rc7+ Kb4 33. Rxc2
Kxb3 34. Rc7 a5 35. Ra7 a4 36. Nb5 Kb4 37. Nd4 g6 38. Kf2 h6 39. Ke3 Rc8 40.
Kd3 Rc3+ 41. Kd2 Rh3 42. Rxf7 Rxh4 43. Rb7+ Kc4 44. Nxe6 Rh2+ 45. Ke3 a3 46.
Ra7 {Draw agreed} 1/2-1/2

[Event "Club Championships"]
[Site "Wellington Chess Club"]
[Date "2017.10.26"]
[Round "6.4.2"]
[White "Tagos, Bernardo"]
[Black "Hall, Nathan"]
[Result "1/2-1/2"]
[WhiteElo "1483"]
[BlackElo "1278"]

1. c4 e6 2. g3 f5 3. Bg2 Nf6 4. Nf3 Nc6 5. a3 a5 6. Nc3 Be7 7. O-O O-O 8. Re1
Qe8 9. d4 Qh5 10. e4 fxe4 11. Nxe4 d6 12. Bg5 Bd7 13. Nxf6+ Bxf6 14. Bxf6 Rxf6
15. d5 exd5 16. Qxd5+ Qxd5 17. cxd5 Na7 18. Re7 Rf7 19. Rae1 c6 20. Rxf7 Kxf7
21. Ng5+ Kg8 22. Re7 Rd8 23. Ne6 Bxe6 24. dxe6 Rb8 25. Rd7 d5 26. e7 Re8 27.
Rxb7 Nc8 28. Rb8 Kf7 29. Bh3 Nxe7 30. Rb7 1/2-1/2

[Event "Club Championships"]
[Site "Wellington Chess Club"]
[Date "2017.10.26"]
[Round "6.4.3"]
[White "Darr, Samuel"]
[Black "Konakanchi, Karthik"]
[Result "0-1"]
[WhiteElo "1444"]
[BlackElo "1504"]

1. e4 e5 2. Nf3 Nc6 3. Bc4 Bc5 4. Nc3 Nf6 5. d3 a6 6. Be3 Bxe3 7. fxe3 d6 8. h3
O-O 9. O-O Qe7 10. Qe2 Be6 11. Bxe6 Qxe6 12. d4 d5 13. exd5 Nxd5 14. Nxd5 Qxd5
15. c4 Qe4 16. Nxe5 Nxd4 17. Qg4 Qxe3+ 18. Kh1 Qxe5 19. Rae1 Qd6 20. Rd1 c5 21.
Rf5 Rad8 22. Rd5 Qc6 23. b4 Qe6 24. Rxd8 Rxd8 25. Qh4 Re8 26. a4 Ne2 27. Qe1
Qg6 28. Kh2 Kf8 29. Rd2 Qh5 30. Rd5 Nf4 0-1

[Event "Club Championships"]
[Site "Wellington Chess Club"]
[Date "2017.10.26"]
[Round "6.4.5"]
[White "Theodosiou, Andreas"]
[Black "Stannard, Bobby"]
[Result "0-1"]
[WhiteElo "1493"]
[BlackElo "1369"]

1. d4 d5 2. c4 e6 3. Nc3 Nf6 4. Bg5 Be7 5. e3 O-O 6. Nf3 h6 7. Bh4 Ne4 8. Bxe7
Nxc3 9. bxc3 Qxe7 10. Be2 b6 11. cxd5 exd5 12. O-O Bb7 13. Re1 c5 14. Bb5 Nc6
15. Qd3 c4 16. Qf5 Qa3 17. Qc2 a6 18. Ba4 b5 19. Rab1 Rab8 20. Bxb5 axb5 21.
Rxb5 Ne7 22. Reb1 Ra8 23. Rxb7 Rfe8 24. Qb2 Nc6 25. Qxa3 Rxa3 26. R1b2 Rxc3 27.
g3 Rc1+ 28. Kg2 c3 29. Re2 c2 30. Ne1 Rb1 31. Rxc2 Rxb7 32. Rxc6 Ra8 33. Rd6
Ra5 34. Nf3 Rb2 35. Ne5 Raxa2 36. Nd3 Rd2 37. Rxd5 Rxd3 38. Re5 Rdd2 39. Rf5 g5
40. g4 Kg7 41. e4 Rxd4 0-1

[Event "Club Championships"]
[Site "Wellington Chess Club"]
[Date "2017.10.26"]
[Round "6.4.6"]
[White "De Briey, Aurian"]
[Black "Proctor, Matthew"]
[Result "1-0"]
[WhiteElo "1549"]
[BlackElo "1478"]

1. d4 d5 2. c4 c6 3. Nf3 Bf5 4. Qb3 Qb6 5. Qxb6 axb6 6. cxd5 Bxb1 7. Rxb1 Rxa2
8. dxc6 bxc6 9. e4 Nf6 10. Ng5 e6 11. Bd3 Bb4+ 12. Ke2 h6 13. Nf3 O-O 14. Rd1
Nbd7 15. Bd2 Bxd2 16. Rxd2 Rfa8 17. Rc2 c5 18. dxc5 Nxc5 19. Rc4 R8a4 20. e5
Nfe4 21. Rxa4 Nc3+ 22. Ke3 N3xa4 23. b3 Ra3 24. Bc2 Nc3 25. Rb2 N5a4 26. Kd3
Nxb2+ 27. Kxc3 Na4+ 28. Kb4 Ra2 29. Bb1 Rb2 30. Kxa4 Rxb1 31. Nd2 Rb2 32. Ne4
Kf8 33. b4 Re2 34. f3 Rxg2 35. Kb5 Rb2 36. h4 Ke7 37. Nd6 Kd8 38. Nc4 Kc7 39.
Nxb2 f6 40. Nd3 fxe5 41. Nxe5 Kd6 42. Ng4 e5 43. Kxb6 Kd5 44. b5 h5 45. Nf2 Kd4
46. Kc6 1-0

[Event "Club Championships"]
[Site "Wellington Chess Club"]
[Date "2017.10.26"]
[Round "6.4.7"]
[White "Bennett, Ezra"]
[Black "Konakanchi, Pramodh"]
[Result "1-0"]
[WhiteElo "1427"]
[BlackElo "1106"]

1. Nf3 Nc6 2. d4 d5 3. Bf4 Bf5 4. c3 Nf6 5. e3 Ne4 6. Bd3 Bg4 7. c4 Bxf3 8.
Qxf3 Nf6 9. Nc3 Qd7 10. a3 Qe6 11. Nb5 O-O-O 12. Bxc7 Qg4 13. Bf5+ Qxf5 14.
Qxf5+ 1-0

[Event "Club Championships"]
[Site "Wellington Chess Club"]
[Date "2017.11.02"]
[Round "7.1.1"]
[White "Sellen, Ian"]
[Black "Jackson, Ross"]
[Result "1/2-1/2"]
[WhiteElo "2056"]
[BlackElo "2020"]

1. c4 Nf6 2. Nc3 e5 3. Nf3 Nc6 4. g3 d5 5. cxd5 Nxd5 6. Bg2 Be6 7. O-O Be7 8.
d4 Nxc3 9. bxc3 exd4 10. Nxd4 Nxd4 11. cxd4 c6 12. Rb1 Qd7 13. Qa4 O-O 14. Rd1
b5 15. Qc2 Rac8 16. e4 Rfd8 17. Be3 Bc4 18. Qb2 Qg4 19. Rd2 f5 20. h3 Qh5 21.
Qc2 fxe4 22. Qxe4 Qf7 23. Qc2 Bd5 24. Be4 Bxe4 25. Qxe4 Rd5 26. Rc2 Bf6 27.
Rbc1 Qd7 28. Rc5 Re8 29. Rxd5 cxd5 30. Qf3 Re4 31. Qd1 a6 1/2-1/2

[Event "Club Championships"]
[Site "Wellington Chess Club"]
[Date "2017.11.02"]
[Round "7.1.2"]
[White "Timergazi, Layla"]
[Black "Dive, Russell"]
[Result "0-1"]
[WhiteElo "2158"]
[BlackElo "2434"]

1. d4 Nf6 2. c4 e6 3. Nc3 Bb4 4. g3 c5 5. Nf3 d6 6. Bg2 Nc6 7. O-O Bxc3 8. bxc3
O-O 9. Bf4 Re8 10. Ne1 Nh5 11. Be3 Na5 12. Qd3 Qc7 13. Rc1 e5 14. dxc5 dxc5 15.
Bd5 Bh3 16. Ng2 Nf6 17. Rfd1 h6 18. Rb1 Rad8 19. Qc2 b6 20. Nh4 Bc8 21. Nf5
Nxd5 22. cxd5 Qd7 23. g4 Nc4 24. Qe4 Qa4 25. Ng3 Bd7 26. h3 Nd6 27. Qf3 Qc4 28.
Nh5 Kh7 29. Nf6+ gxf6 30. Qxf6 Ba4 31. Bxh6 (31. Qxh6+ $10) 31... Rg8 32. Qh4
$4 (32. Be3) 32... Nf5 0-1

[Event "Club Championships"]
[Site "Wellington Chess Club"]
[Date "2017.11.02"]
[Round "7.1.3"]
[White "Croad, Nicolas"]
[Black "Perry, Roger"]
[Result "1-0"]
[WhiteElo "2393"]
[BlackElo "2124"]

1. d4 Nf6 2. c4 g6 3. Nc3 d5 4. Nf3 Bg7 5. Qb3 dxc4 6. Qxc4 O-O 7. Bf4 c6 8. e4
b5 9. Qd3 Be6 10. Be2 Bc4 11. Qc2 Bxe2 12. Nxe2 Na6 13. O-O Rc8 14. a4 Nb4 15.
Qb3 a5 16. Nc3 c5 17. dxc5 Rxc5 18. axb5 Qa8 19. Be3 Rcc8 20. b6 Nxe4 21. Nxe4
Qxe4 22. Rxa5 Nc6 23. Ra4 Qf5 24. h3 e5 25. Qb5 Nb8 26. b7 Rcd8 27. Rc1 Qd7 28.
Qxd7 Rxd7 29. Rb4 f5 30. Rc8 Rdd8 31. Rbc4 Rfe8 32. Rxd8 1-0

[Event "Club Championships"]
[Site "Wellington Chess Club"]
[Date "2017.11.02"]
[Round "7.1.4"]
[White "Forster, Bill"]
[Black "Ker, Anthony"]
[Result "0-1"]
[WhiteElo "2093"]
[BlackElo "2489"]

1. d4 Nf6 2. c4 e6 3. Nc3 Bb4 4. Qc2 c5 5. dxc5 Nc6 6. Nf3 O-O 7. Bg5 h6 8. Bh4
Bxc5 9. e3 b6 10. Be2 Bb7 11. O-O Be7 12. Rfd1 a6 13. Rd2 Qc7 14. Bg3 d6 15.
Rad1 Rfd8 16. h3 Rac8 17. b3 $2 b5 18. Rc1 bxc4 19. Bxc4 Qa5 20. Qd1 d5 21. Bf1
Ba3 22. b4 Nxb4 0-1

[Event "Club Championships"]
[Site "Wellington Chess Club"]
[Date "2017.11.02"]
[Round "7.1.5"]
[White "Nijman, Brian"]
[Black "Nyberg, Michael"]
[Result "1/2-1/2"]
[WhiteElo "2147"]
[BlackElo "2101"]

1. d4 Nf6 2. Bg5 g6 3. Bxf6 exf6 4. e3 b6 5. Qf3 Nc6 6. h4 Bb7 7. Qh3 Qe7 8.
Nc3 Nxd4 9. O-O-O Ne6 10. Nd5 Bxd5 11. Rxd5 c6 12. Rd2 Bg7 13. Bd3 Nc5 14. Kb1
a5 15. Ne2 f5 16. h5 Ne6 17. Rhd1 a4 18. h6 Bf6 19. g4 fxg4 20. Qxg4 Ra5 21. f4
Qb4 22. c3 Qe7 23. e4 Nc5 24. e5 Bh4 25. Nd4 Nxd3 26. Rxd3 f5 27. Qh3 Bf2 28.
Nxf5 gxf5 29. Rxd7 (29. Qh5+ Kd8 30. Rxd7+ Qxd7 31. Qg5+ Kc8 32. Rxd7 Kxd7 33.
Qg7+) 29... Qxd7 30. Rxd7 Kxd7 31. Qxf5+ Kc7 32. Qf7+ Kb8 33. e6 Bc5 34. e7
Bxe7 35. Qxe7 Rd5 36. a3 Rg8 37. c4 Rg1+ 38. Kc2 Rg2+ 39. Kc3 Rdd2 40. Qxh7
Rxb2 41. Qf5 c5 42. Kd3 Rbd2+ 43. Ke4 Rge2+ 44. Kf3 Rf2+ 45. Kg3 Rg2+ 46. Kh4
Rh2+ 47. Kg5 Rdg2+ 48. Kf6 Rxh6+ 49. Kf7 Rc6 50. Qe5+ Rc7+ 51. Kf6 Rd2 52. f5
Rd7 53. Kg6 Re7 54. Qd6 Kb7 55. f6 Red7 56. Qe6 Rd8 57. Qe4+ Ka7 58. Qc2 Rd6
59. Qxa4+ Kb7 60. Kg5 Rf7 61. Qc2 Rfxf6 62. Qe4+ Ka7 63. Qe7+ Ka6 64. Qc7 Rg6+
65. Kf5 Rgf6+ 66. Ke4 Rfe6+ 67. Kf5 Rf6+ 68. Ke4 Rfe6+ 69. Kf5 1/2-1/2

[Event "Club Championships"]
[Site "Wellington Chess Club"]
[Date "2017.11.02"]
[Round "7.2.1"]
[White "Brockway, Andrew"]
[Black "Stoeveken, Peter"]
[Result "1/2-1/2"]
[WhiteElo "1899"]
[BlackElo "1849"]

1. e4 e6 2. d4 d5 3. Nd2 dxe4 4. Nxe4 Nf6 5. Bg5 Be7 6. Nxf6+ Bxf6 7. Bxf6 Qxf6
8. Nf3 b6 9. Bb5+ c6 10. Bd3 Nd7 11. Qe2 Bb7 12. Ne5 Nxe5 13. Qxe5 Qxe5+ 14.
dxe5 O-O 15. O-O Rfd8 16. Rfe1 c5 17. Rad1 a6 18. c3 b5 19. Bc2 Bd5 20. Bb3 c4
21. Bc2 Ra7 22. Be4 Rad7 23. Bxd5 Rxd5 24. Rxd5 Rxd5 25. Kf1 Rd2 26. Re2 Rd1+
27. Re1 Rd2 { (Draw Agreed) } 1/2-1/2

[Event "Club Championships"]
[Site "Wellington Chess Club"]
[Date "2017.11.02"]
[Round "7.2.2"]
[White "Benitez, Edgar"]
[Black "Mullan, Brett"]
[Result "1-0"]
[WhiteElo "1809"]
[BlackElo "1800"]

1. d4 Nf6 2. c4 g6 3. Nf3 Bg7 4. g3 O-O 5. Bg2 d6 6. O-O Nbd7 7. Bg5 Ne4 8. Bf4
c5 9. Nc3 Nef6 10. d5 Nh5 11. Bd2 Nb6 12. b3 Bd7 13. Qc1 Rb8 14. Bh6 e5 15.
dxe6 fxe6 16. Bxg7 Kxg7 17. Rd1 Bc6 18. Ng5 Qf6 19. Nce4 Bxe4 20. Nxe4 Qe5 21.
Rxd6 Rbd8 22. Rxd8 Rxd8 23. Qc3 Qxc3 24. Nxc3 Rd2 25. Bxb7 Rc2 26. Ne4 Nf6 27.
Nxc5 Rxe2 28. Bf3 Re5 29. Nd3 Rf5 30. Kg2 e5 31. Re1 Nbd7 32. g4 Rxf3 33. Kxf3
e4+ 34. Rxe4 Nxe4 35. Kxe4 Nf6+ 36. Kf4 Nd7 37. g5 Kf8 38. h4 Ke7 39. Ke4 Kd6
40. f4 1-0

[Event "Club Championships"]
[Site "Wellington Chess Club"]
[Date "2017.11.02"]
[Round "7.2.3"]
[White "Chen, Wei Kai"]
[Black "Rossiter, Philip"]
[Result "0-1"]
[WhiteElo "1813"]
[BlackElo "1978"]

1. e4 c5 2. Nc3 g6 3. f4 Bg7 4. Nf3 Nc6 5. Bc4 e6 6. O-O Nge7 7. d3 a6 8. f5 d5
9. Bb3 O-O 10. fxe6 Bxe6 11. Ng5 Nd4 12. exd5 Nxd5 13. Nxe6 fxe6 14. Qg4 Rxf1+
15. Kxf1 Qf6+ 16. Kg1 Rf8 17. Qxe6+ Nxe6 0-1

[Event "Club Championships"]
[Site "Wellington Chess Club"]
[Date "2017.11.02"]
[Round "7.2.4"]
[White "Coghini, Phillip"]
[Black "Farrington, Lawrence"]
[Result "1/2-1/2"]
[WhiteElo "1888"]
[BlackElo "1855"]

1. d4 d5 2. Bf4 Nf6 3. e3 e6 4. c3 Bd6 5. Bg3 Ne4 6. Nd2 Nxd2 7. Qxd2 c5 8. Nf3
cxd4 9. exd4 Nc6 10. Bd3 Bxg3 11. hxg3 h6 12. O-O-O Bd7 13. Kb1 Qe7 14. Rde1
O-O-O 15. Rh5 Kb8 16. Rxd5 Qf6 17. Rh5 Rhe8 18. Ne5 Nxe5 19. Rhxe5 Bc6 20. f3
Qe7 21. Qe2 Qd6 22. f4 g6 23. Bc4 Qf8 24. g4 Rc8 25. Bb3 Rcd8 26. g3 Qd6 27. a3
Bd7 28. Re3 Qb6 29. Ka2 Qc6 30. Qc2 Qd6 31. R1e2 Bc6 32. Re5 Qc7 33. R2e3 Qd6
34. Qe2 Qf8 35. Bc2 Rc8 36. b3 Qd6 37. Kb2 Qf8 38. Bd3 Bd5 39. c4 Bc6 40. Be4
Qd6 41. Qd3 Red8 42. Bxc6 Qxc6 43. Kc3 Qa6 44. a4 Qd6 45. c5 Qc7 46. b4 a6 47.
a5 Qc6 48. Kb3 Rd7 49. Qc4 1/2-1/2

[Event "Club Championships"]
[Site "Wellington Chess Club"]
[Date "2017.11.02"]
[Round "7.3.1"]
[White "Wevers, Alexis"]
[Black "Day, Fabian"]
[Result "1-0"]
[WhiteElo "1654"]
[BlackElo "1784"]

1. d4 g6 2. Nf3 Bg7 3. c4 f5 4. Nc3 Nf6 5. Bf4 d6 6. Qd2 h6 7. g3 Be6 8. b3 Bf7
9. Qc2 Nc6 10. Rd1 O-O 11. Bg2 Nb4 12. Qb1 Nh5 13. Bc1 Qc8 14. O-O c5 15. Bb2
f4 16. d5 Na6 17. Nh4 fxg3 18. hxg3 Qg4 19. Bf3 Qh3 20. Nxg6 Nxg3 21. Nxe7+ Kh8
22. Bg2 Qg4 23. Rd3 Bd4 24. Rxg3 Qxg3 25. e3 Bxe3 26. Ne2+ Bd4 27. Nxg3 Bxb2
28. Qxb2+ Kh7 29. Be4+ Bg6 30. Bxg6# 1-0

[Event "Club Championships"]
[Site "Wellington Chess Club"]
[Date "2017.11.02"]
[Round "7.3.2"]
[White "Sole, Michael"]
[Black "Dixon, Hamish"]
[Result "1-0"]
[WhiteElo "1632"]
[BlackElo "1697"]

1. e4 c5 2. Nf3 Nc6 3. d4 cxd4 4. Nxd4 d6 5. Nc3 Nf6 6. Bg5 e6 7. Qd2 Be7 8. f4
a6 9. O-O-O h6 10. Nxc6 bxc6 11. Bxf6 gxf6 12. Qd4 Rb8 13. f5 Qb6 14. Qxb6 Rxb6
15. Rd4 exf5 16. Na4 Rb8 17. exf5 Bxf5 18. Bxa6 Rg8 19. g3 Rg4 20. Rhd1 Re4 21.
Nc3 Rxd4 22. Rxd4 h5 23. Be2 Kd7 24. Bxh5 Rh8 25. Bg4 Bxg4 26. Rxg4 Rxh2 27. a4
Rh5 28. Rg7 Rg5 29. Rxg5 fxg5 30. g4 d5 31. Ne2 c5 32. Ng3 Kc6 33. Nf5 Bd8 34.
Kd2 d4 35. Kd3 Kd5 36. b3 Ke5 37. Nh6 Ke6 38. Kc4 Be7 39. a5 1-0

[Event "Club Championships"]
[Site "Wellington Chess Club"]
[Date "2017.11.02"]
[Round "7.3.3"]
[White "Thorpe, Richard"]
[Black "Wight, Joshua"]
[Result "0-1"]
[WhiteElo "1727"]
[BlackElo "1609"]

1. e4 b6 2. d4 Bb7 3. f3 e6 4. Nc3 d5 5. Bf4 c5 6. exd5 Bxd5 7. Nb5 Na6 8. c4
Bb7 9. Qa4 Qd7 10. O-O-O Qc6 11. d5 exd5 12. cxd5 Qd7 13. Re1+ Kd8 14. Qe4 Nf6
15. Qe5 Ne8 16. d6 Bc6 17. Qxe8+ Qxe8 18. Rxe8+ Kxe8 19. Nc7+ Nxc7 20. dxc7 Kd7
21. Ba6 Bd6 22. c8=Q+ Raxc8 23. Bxc8+ Rxc8 24. Ne2 Re8 25. Rd1 Re6 26. Nc3 Ke7
27. Bxd6+ Rxd6 28. Rxd6 Kxd6 29. Kd2 f5 30. Ke3 g5 31. g3 h6 32. h4 a6 33. hxg5
hxg5 34. f4 g4 35. Ne2 b5 36. Kd3 b4 37. Nc1 Kd5 38. b3 Bb5+ 39. Ke3 a5 40. Nd3
c4 41. Nb2 c3 42. Nd3 c2 43. Nc1 a4 44. bxa4 Bxa4 45. Kd3 Kc5 46. Kd2 Kc4 47.
Ne2 b3 48. axb3+ Kxb3 49. Kc1 Kc4 50. Kd2 Bb3 51. Nc1 Ba4 52. Nd3 Kd4 53. Nc1
Ke4 54. Ke2 Bb5+ 55. Kf2 Kd4 56. Na2 Bc4 57. Nc1 Kc3 58. Ke3 Bb5 59. Na2+ Kb2
60. Kd2 Kxa2 61. Kxc2 Bc6 62. Kc3 Kb1 63. Kd2 Be4 64. Kd1 Kb2 65. Kd2 Kb3 66.
Ke2 Kc2 67. Ke3 Kd1 68. Kf2 Kd2 69. Kg1 Ke3 70. Kh2 Kf3 0-1

[Event "Club Championships"]
[Site "Wellington Chess Club"]
[Date "2017.11.02"]
[Round "7.3.4"]
[White "Forlong-Ford, Colwyn"]
[Black "Winter, Ryan"]
[Result "0-1"]
[WhiteElo "1738"]
[BlackElo "1711"]

1. e4 c6 2. Bc4 d5 3. exd5 cxd5 4. Bb5+ Nc6 5. Nf3 Nf6 6. d4 Bg4 7. c3 a6 8.
Be2 Qc7 9. g3 e6 10. Bf4 Bd6 11. Ne5 Bxe2 12. Qxe2 O-O 13. Nd2 Rae8 14. h4 Nd7
15. Nxd7 Qxd7 16. Bxd6 Qxd6 17. O-O-O b5 18. a3 Rb8 19. Kc2 a5 20. b4 Rfc8 0-1

[Event "Club Championships"]
[Site "Wellington Chess Club"]
[Date "2017.11.02"]
[Round "7.4.1"]
[White "Konakanchi, Karthik"]
[Black "Tagos, Bernardo"]
[Result "1-0"]
[WhiteElo "1504"]
[BlackElo "1483"]

1. e4 e6 2. d4 b6 3. Bf4 Bb7 4. Nd2 Nf6 5. e5 Nd5 6. Bg3 g6 7. a3 c5 8. c3 Nc6
9. Nb3 Rb8 10. Bc4 Na5 11. Nxa5 bxa5 12. Nf3 Bc6 13. a4 Rxb2 14. Bb5 Bxb5 15.
axb5 Nxc3 16. Qc1 Re2+ 17. Kf1 Qb6 18. Qxc3 Qxb5 19. Rxa5 Rc2+ 20. Rxb5 Rxc3
21. Rb8+ Ke7 22. Bh4+ f6 23. Bxf6+ Kf7 24. Bxh8 Rc1+ 25. Ne1 cxd4 26. Rd8 Bb4
27. Ke2 a5 28. Rf1 Bc3 29. Bf6 a4 30. Rxd7+ Ke8 31. Ra7 Ra1 32. Nc2 Ra2 33. Kd3
Bb2 34. Rb1 a3 35. Nxa3 Rxa3+ 36. Rxa3 Bxa3 37. Kxd4 h5 38. Rb7 Bf8 39. f4 Bh6
40. Re7+ Kf8 41. Ke4 Kg8 42. Rxe6 Bf8 43. f5 Kf7 44. Bg5 gxf5+ 45. Kxf5 Kg7 46.
Rg6+ Kf7 47. e6+ Ke8 48. Rg8 h4 49. e7 h3 50. exf8=Q+ 1-0

[Event "Club Championships"]
[Site "Wellington Chess Club"]
[Date "2017.11.02"]
[Round "7.4.3"]
[White "Kibblewhite, Daniel"]
[Black "Jacobsen-Grocott, Josiah"]
[Result "0-1"]
[WhiteElo "1400"]
[BlackElo "1238"]

1. d4 d5 2. c4 Nf6 3. Nc3 e6 4. e3 c5 5. Nf3 Nc6 6. cxd5 Nxd5 7. Bc4 Nxc3 8.
bxc3 Na5 9. Qa4+ Bd7 10. Bb5 Nc6 11. Ba3 a6 12. Bxc6 Bxc6 13. Qd1 Qa5 14. Bb2
Bb5 15. Nd2 Rd8 16. Nb3 Qc7 17. Qg4 f5 18. Qg5 cxd4 19. cxd4 Bb4+ 20. Kd1 Qc4
21. Qh5+ g6 22. Qf3 Qd3+ 23. Kc1 Rc8+ 24. Nc5 Rxc5+ 25. dxc5 Qd2+ 26. Kb1 Bd3#
0-1

[Event "Club Championships"]
[Site "Wellington Chess Club"]
[Date "2017.11.02"]
[Round "7.4.5"]
[White "Konakanchi, Pramodh"]
[Black "Benitez, Rick"]
[Result "0-1"]
[WhiteElo "1106"]
[BlackElo "1566"]

1. e4 Nc6 2. Nc3 e6 3. Nf3 a6 4. Be2 Nf6 5. d4 Bb4 6. a3 Bxc3+ 7. bxc3 Nxe4 8.
Bd3 Nxc3 9. Qd2 Nd5 10. Qg5 Qxg5 11. Bxg5 f6 12. Bd2 d6 13. O-O O-O 14. c4 Nde7
15. h3 Nd8 16. Bb4 Re8 17. c5 dxc5 18. Bxc5 Nd5 19. Rfe1 a5 20. Bc4 Bd7 21.
Bxd5 exd5 22. Rxe8+ Bxe8 23. Be7 Nc6 24. Rb1 Nxe7 25. Rxb7 Rc8 26. Nd2 Nf5 27.
Nb3 a4 28. Nc5 Nxd4 29. Rb4 Nc2 0-1

[Event "Club Championships"]
[Site "Wellington Chess Club"]
[Date "2017.11.02"]
[Round "7.4.6"]
[White "Theodosiou, Andreas"]
[Black "Proctor, Matthew"]
[Result "0-1"]
[WhiteElo "1493"]
[BlackElo "1478"]

1. d4 d5 2. c4 c6 3. Nc3 Nf6 4. Bg5 dxc4 5. e4 Qb6 6. Qd2 c5 7. Nf3 Nc6 8. Be3
cxd4 9. Nxd4 Bd7 10. Bxc4 e5 11. Nf3 Bc5 12. Ng5 Rf8 13. Bxf7+ Rxf7 14. Nxf7
Kxf7 15. O-O Rd8 16. Bg5 Bf5 17. Qc2 Nd4 18. Qd1 Bg4 19. Qa4 Qxb2 20. Qc4+ Ne6
21. Rab1 Be2 22. Rxb2 Bxc4 23. Rxb7+ Kg6 24. Bxf6 gxf6 25. Rd1 Rxd1+ 26. Nxd1
Bxa2 27. Ne3 Ng5 28. Rc7 Bb6 29. Nd5 Bxc7 0-1

[Event "Club Championships"]
[Site "Wellington Chess Club"]
[Date "2017.11.02"]
[Round "7.4.7"]
[White "Nagrecha, Prashant"]
[Black "Zhao, Aiden"]
[Result "0-1"]
[WhiteElo "899"]
[BlackElo "1279"]

1. e4 e5 2. Nf3 Nc6 3. c3 Nf6 4. d4 Nxe4 5. dxe5 Bc5 6. Nbd2 Nxf2 7. Qe2 Nxh1
8. b4 Qe7 9. Nc4 Bf2+ 10. Kd1 Bh4 11. b5 Nf2+ {A whole lot of questionable
stuff follows} 0-1

[Event "Club Championships"]
[Site "Wellington Chess Club"]
[Date "2017.11.08"]
[Round "8.2"]
[White "Mullan, Brett"]
[Black "Aldridge, Alan"]
[Result "1-0"]
[WhiteElo "1923"]
[BlackElo "1892"]

1. d4 Nf6 2. Nf3 e6 3. c4 Bb4+ 4. Nc3 O-O 5. Qc2 d5 6. e3 c5 7. a3 Bxc3+ 8.
bxc3 Nc6 9. Bd3 b6 10. O-O Bb7 11. Rd1 Qc7 12. cxd5 exd5 13. h3 c4 14. Bf1 Rfe8
15. Nd2 Ne7 16. a4 Ng6 17. Ba3 Ne4 18. Be2 Nh4 19. Re1 Nxd2 20. Qxd2 Re6 21.
Bf1 Rg6 22. Qe2 Rg5 23. Kh1 Re8 24. g3 Nf5 25. Qf3 Bc8 26. Qf4 Qxf4 27. exf4
1-0

[Event "Club Championships"]
[Site "Wellington Chess Club"]
[Date "2017.11.09"]
[Round "8.1.2"]
[White "Dive, Russell"]
[Black "Croad, Nicolas"]
[Result "1-0"]
[WhiteElo "2434"]
[BlackElo "2393"]

1. Nf3 Nf6 2. d4 e6 3. g3 d5 4. Bg2 Be7 5. O-O O-O 6. b3 b6 7. c4 Bb7 8. e3
Nbd7 9. Nbd2 c5 10. Bb2 Rc8 11. Rc1 cxd4 12. exd4 Re8 13. Qe2 Bb4 14. a3 Bf8
15. Ne5 Nxe5 16. dxe5 Nd7 17. f4 a5 18. cxd5 exd5 19. Rxc8 Qxc8 20. Rc1 Qd8 21.
Nf3 Nc5 22. b4 Nb3 23. Rc3 a4 24. Qd3 g6 25. Nd4 Nxd4 26. Qxd4 Bg7 27. Rc2 Re7
28. Rd2 Rd7 29. Qd3 f6 30. e6 Re7 31. f5 gxf5 32. Qxf5 Qd6 33. Bh3 Bc8 34. Rxd5
Qc7 35. Qd3 Bxe6 36. Rd8+ Bf8 37. Bxe6+ Rxe6 38. Rd7 Rd6 39. Qxh7# 1-0

[Event "Club Championships"]
[Site "Wellington Chess Club"]
[Date "2017.11.09"]
[Round "8.1.3"]
[White "Jackson, Ross"]
[Black "Perry, Roger"]
[Result "0-1"]
[WhiteElo "2020"]
[BlackElo "2124"]

1. d4 Nf6 2. c4 g6 3. Nc3 d5 4. cxd5 Nxd5 5. Na4 Bg7 6. Nf3 O-O 7. e3 b6 8. Bd2
Bb7 9. Be2 Nd7 10. O-O e5 11. Nxe5 Nxe5 12. dxe5 Bxe5 13. f4 Bg7 14. e4 Nf6 15.
Bb4 c5 16. e5 cxb4 17. exf6 Qxf6 18. Qd2 0-1

[Event "Club Championships"]
[Site "Wellington Chess Club"]
[Date "2017.11.09"]
[Round "8.1.4"]
[White "Ker, Anthony"]
[Black "Timergazi, Layla"]
[Result "1-0"]
[WhiteElo "2489"]
[BlackElo "2158"]

1. e4 c6 2. d4 d5 3. exd5 cxd5 4. c4 Nf6 5. cxd5 Nxd5 6. Nc3 Nc6 7. Nf3 Bg4 8.
Qb3 Bxf3 9. gxf3 e6 10. Qxb7 Nxd4 11. Bb5+ Nxb5 12. Qc6+ Ke7 13. Qxb5 Qd7 14.
Nxd5+ Qxd5 15. Bg5+ f6 16. Qxd5 exd5 17. Be3 Ke6 18. O-O-O Bb4 19. Rd3 Rhc8+
20. Kb1 Rc4 21. Rhd1 Rd8 22. Bxa7 Rh4 23. Rd4 Rxd4 24. Bxd4 Rb8 25. Kc2 Bd6 26.
h3 Be5 27. b3 Rc8+ 28. Kb2 Kd6 29. a4 Rb8 30. Ka3 Rc8 31. a5 Rb8 32. b4 Bxd4
33. Rxd4 Ke5 34. Rd3 d4 35. Kb3 Kd5 36. Rd2 Rb5 37. a6 Rb8 38. Ra2 Ra8 39. Ra5+
1-0

[Event "Club Championships"]
[Site "Wellington Chess Club"]
[Date "2017.11.09"]
[Round "8.1.5"]
[White "Nyberg, Michael"]
[Black "Forster, Bill"]
[Result "1-0"]
[WhiteElo "2101"]
[BlackElo "2093"]

1. d4 d5 2. Nf3 Nf6 3. e3 Bf5 4. c4 e6 5. Qb3 Qc8 6. Nc3 c6 7. Bd2 Be7 8. Be2
O-O 9. O-O Nbd7 10. Rac1 h6 11. Ne5 Nxe5 12. dxe5 Ne4 13. Rfd1 Nxd2 14. Rxd2
dxc4 15. Bxc4 Rd8 16. Rxd8+ Bxd8 17. Ne2 Bb6 18. Ng3 Bg6 19. a3 Qc7 20. Qc3 Rd8
21. h4 Qd7 22. h5 Bh7 23. Nf1 Qe7 24. Be2 Qg5 25. Nd2 Bc7 26. f4 Qe7 27. Nf3
Bb6 28. b4 Bf5 29. Nd2 Qh4 30. Nc4 Bg4 31. Bxg4 Qxg4 32. a4 Rd1+ 33. Rxd1 Qxd1+
34. Kf2 Bc7 35. Qd4 Qxd4 36. exd4 Kf8 37. Ke3 Ke7 38. g4 f5 39. g5 b6 40. Nd2
Bd8 41. Nf3 Kd7 42. Kd3 Be7 43. Kc4 a6 44. b5 a5 45. gxh6 gxh6 46. Ng1 Bh4 47.
Ne2 Bf2 48. bxc6+ Kxc6 49. Nc3 Kd7 50. d5 Bc5 51. Ne2 Be3 52. dxe6+ Kxe6 53.
Nd4+ Kd7 54. e6+ Ke8 55. Nxf5 Bxf4 56. Kb5 Bc7 57. Kc6 Bf4 58. Kxb6 Bd2 59. Kc6
Bc1 60. Kd6 Ba3+ 61. Kd5 Bc1 62. Nd6+ Ke7 63. Nc4 1-0

[Event "Club Championships"]
[Site "Wellington Chess Club"]
[Date "2017.11.09"]
[Round "8.2.1"]
[White "Mullan, Brett"]
[Black "Stoeveken, Peter"]
[Result "1-0"]
[WhiteElo "1800"]
[BlackElo "1849"]

1. e4 c5 2. Nf3 Nc6 3. d4 cxd4 4. Nxd4 e5 5. Nb3 Nf6 6. Bd3 Be7 7. c3 d6 8. h3
Be6 9. Be3 Nd7 10. N1d2 Bg5 11. Nf1 Bxe3 12. Nxe3 Nf6 13. Qe2 Qb6 14. Nc4 Qc7
15. O-O O-O 16. Ncd2 Ne7 17. Nf3 Ng6 18. Qe3 Bxb3 19. axb3 a6 20. c4 Nf4 21.
Bc2 Qe7 22. Kh2 Rac8 23. g3 Ne6 24. Bd3 Nc5 25. Bc2 Ne6 26. Rfd1 h6 27. Ra5 Qc7
28. Ra3 Qc6 29. Nd2 Qd7 30. Bd3 Nh7 31. Be2 Nf6 32. Nf3 Qc6 33. Bd3 Nc5 34. Nd2
Nh7 35. f3 Ne6 36. Rf1 Qd7 37. f4 Nd4 38. Nf3 Nc6 39. Rd1 Qe6 40. Bb1 Ne7 41.
Ra5 Nf6 42. Ra3 Nh5 43. f5 Qf6 44. Bd3 Kh7 45. Rf1 g5 46. fxg6+ Qxg6 47. Nh4
Qe6 48. Be2 Nf6 49. Raa1 Rc7 50. Rad1 Rg8 51. Rf2 Rg7 52. Rdf1 Rg6 53. Nxg6 1-0